Classic Clickable Jokes VII Quiz Stats

 Plays Quiz Updated Aug 10, 2014

     
Support Sporcle.
Go Orange.
Score 0/20 Timer 04:00
5 Plays Today
% Correct
A plain bagel.
97.8%
Fsh.
97.7%
She ran away from the ball.
97.6%
A cigarette lighter.
97.6%
Because it's pointless.
97.5%
To the dock.
97.5%
Because it's a little meteor.
97.2%
Don't look, I'm changing!
97.2%
Put a little boogie in it.
97.1%
Not enough concrete evidence.
96.9%
% Correct
He didn't have the guts.
96.7%
I'm bacon!
96.6%
Ground beef.
96.4%
Well-armed.
96.3%
By cell phone.
96.3%
It was the wurst.
95.9%
A coupe.
95.9%
Roberto.
95.8%
It was intense.
95%
The retail store.
92%

From the Vault

Remove Ads.
Support Sporcle.
Get the best of Sporcle when you Go Orange. This ad-free experience offers more features, more stats, and more fun while also helping to support Sporcle. Thank you for becoming a member.

Show Comments

Extras

Top Quizzes Today


Score Distribution

Your Account Isn't Verified!

In order to create a playlist on Sporcle, you need to verify the email address you used during registration. Go to your Sporcle Settings to finish the process.

Report this User

Report this user for behavior that violates our Community Guidelines.

Details: